Dede Korkut hikayeleri/ (Record no. 54463)
| 000 -BAŞLIK | |
|---|---|
| Sabit Uzunluktaki Kontrol Alanı | 02301nam a22003137a 4500 |
| 001 - KONTROL NUMARASI | |
| Control Dosyası | 0054655 |
| 003 - KONTROL NUMARASI KİMLİĞİ | |
| Kontrol Alanı | KOHA_MİRAKIL |
| 005 - EN SON İŞLEM TARİHİ ve ZAMANI | |
| Kontrol Alanı | 20260207003952.0 |
| 007 - FİZİKSEL TANIM SABİT ALAN - GENEL BİLGİ | |
| Sabit uzunluklu kontrol alanı | ta |
| 008 - SABİT UZUNLUKTAKİ VERİ ÖGELERİ - GENEL BİLGİ | |
| Sabit Alan | 160113b1983 tu |||gr||||#0|||1|tur | |
| 040 ## - KATALOGLAMA KAYNAĞI | |
| Özgün Kataloglama Kurumu | TR-BiSEU |
| Kataloglama Dili | tur |
| Çeviri Kurumu | TR-BiSEU |
| Açıklama Kuralları | rda |
| 041 0# - DİL KODU | |
| Metin ya da ses kaydının dil kodu | tur |
| 044 ## - YAYINLAYAN/ÜRETEN KURULUŞUN ÜLKE KODU | |
| ISO country code | tu |
| 050 ## - SINIFLAMA ve YER NUMARASI | |
| Sınıflama Numarası | PL248.K54 |
| Yer Numarası | D43 1983 |
| 100 0# - KİŞİ ADI | |
| Yazar Adı (Kişi adı) | Dede Korkut. |
| 245 0# - ESER ADI BİLDİRİMİ | |
| Başlık | Dede Korkut hikayeleri/ |
| Sorumluluk Bildirimi | Dede Korkut (Korkut Ata) : hazırlayan Cevdet Kudret. |
| 264 #1 - ÜRERİM, YAYIN, DAĞITIM ve TELİF BİLDİRİMİ | |
| Yayın yeri | İstanbul : |
| Yayınlayan | Varlık Yayınları |
| Yayın tarihi | 1983 |
| 300 ## - FİZİKSEL TANIMLAMA | |
| Sayfa, Cilt vb. | 192 sayfa ; |
| Boyutları | 20 cm. |
| 336 ## - İÇERİK TÜRÜ | |
| Content type term | metin |
| Content type code | txt |
| Source | rdacontent |
| 337 ## - MEDYA TÜRÜ | |
| Media type term | aracısız |
| Media type code | n |
| Source | rdamedia |
| 338 ## - TAŞIYICI TÜRÜ | |
| Carrier type term | cilt |
| Carrier type code | nc |
| Source | rdacarrier |
| 490 1# - DİZİ BİLDİRİMİ | |
| Dizi Bildirimi | Anlatı dizisi ; |
| Cilt Numarası | 9. |
| 490 1# - DİZİ BİLDİRİMİ | |
| Dizi Bildirimi | Varlık yayınları ; |
| Cilt Numarası | 92. |
| 505 ## - İÇİNDEKİLER NOTU | |
| İçindekiler Notu | XIV-XVI yy. arasında yazıya geçirildiği tahmin edilen Dede Korkut Hikâyeleri, Oğuzların hayatını konu olan 12 ayrı hikâyeden oluşmaktadır. Her biri bir boyun çıkışını beyan eden bu hikâyelerin Oğuzun 24 boyuna atfen aslında 24 tane olduğu kuvvetle muhtemeldir, ancak elimize ulaşanlar yalnızca bu kadardır. Orta Asya'dan Anadolu'ya uzanan geniş bir coğrafyada folklorik bir öğe ve halkın ortak kültüründe yer etmiş efsaneler olarak bir düzeyde hâlâ canlıdırlar. Bu hikâyeler ve kahramanları, ister gerçekten yaşamış kimseler ister mitolojik kahramanlar olsunlar bize belki de batının Kral Arthur ve Yuvarlak Masa Şövalyeleri Romanslarıyla boy ölçüşebilecek güçte bir kültürel miras teşkil etmektedirler. |
| 830 1# - SERİ EK GİRİŞİ - TEKBİÇİM ESER ADI | |
| Tekbiçim Başlık | Anlatı dizisi ; |
| Volume number/sequential designation | 9. |
| 9 (RLIN) | 27075 |
| 830 1# - SERİ EK GİRİŞİ - TEKBİÇİM ESER ADI | |
| Tekbiçim Başlık | Varlık yayınları ; |
| Volume number/sequential designation | 92. |
| 9 (RLIN) | 28794 |
| 907 ## - LOCAL DATA ELEMENT G, LDG (RLIN) | |
| a | Roman |
| 942 ## - EK GİRİŞ ÖGELERİ (KOHA) | |
| Source of classification or shelving scheme | Library of Congress Classification |
| Koha item type | Book |
| 505 ## - İÇİNDEKİLER NOTU | |
| -- | |
| -- | Dede Korkut Hikâyeleri, Türk dilinin ve edebiyatının, Türklerin örf ve âdetlerinin, Türk ahlâk ve törelerinin, inançlarının, kahramanlıklarının, kısacası Türk hayatının olduğu gibi verildiği bir eserdir. Tek bir kişinin kaleminden çıkmamıştır, bu bir halkın müşterek hikâyesidir. Bu halkın uzun göçü boyunca belleklerde taşınıp gelmiş, Şamanizmden İslamiyete uzanan inanç değişimleri, büyük kahramanlar, tarihteki dönüm noktaları, içinde yaşanan coğrafyanın özellikleri, düşmanların nitelikleri ve bizzat halkın yaşayışındaki değişimler bu hikâyelerin içinde yer bulmuştur |
| Materyal Türü | Kalıcı Konum | Mevcut Konum | Raf Yeri | Sınıflandırma Kaynağı | Edinim Bilgisi | Ana Konular | Alt Konular | Yer Numarası | Demirbaş Numarası | Fatura Tarihi | Geri Çekilme Durumu | Kayıp Durumu | Hasarlı Durumu | Kredi için değil | Kayıt Tarih | Toplam Ödünçverme | Son Görülme Tarihi | Son Kontrol Tarihi | Genel / Bağış Notu |
|---|---|---|---|---|---|---|---|---|---|---|---|---|---|---|---|---|---|---|---|
| Book | Prof. Dr. Azmi Özcan Kütüphanesi | Prof. Dr. Azmi Özcan Kütüphanesi | Birûni Salonu | Library of Congress Classification | Bağış | DİL VE EDEBİYAT | Doğu Asya, Afrika, Okyanusya Dilleri ve Edebiyatları | PL248.K54 D43 1983 | 0054655 | 02/02/2026 | 13/01/2016 | 1 | 05/12/2024 | 05/12/2024 | Genel Bağış |
